Obálka Náhled e-knihy:
PDF Epub
Pro půjčování e-knih musíte být přihlášeni.
Jak si půjčit online?

Slová /

Zbierka SLOVÁ od Dávida Kuchtanina je intímnym ponorom do sveta emócií, samoty a spomienok. Autor prostredníctvom poézie zachytáva krehké momenty ľudského prežívania, hľadania identity a vnútorného pokoja. Každá báseň je výpoveďou o túžbe, strate, láske či nádeji — o tom, čo nás formuje a zároveň zr...

Celý popis

Uloženo v:
Hlavní autor: Kuchtanin, Dávid (Autor)
Médium: E-kniha
Jazyk:Czech
Vydáno: Praha : TZ-one, 2025
Tagy:
Žádné tagy
LEADER 01760nam a22002297i 4500
001 312872
007 ta
008 260601s2025 xr ||||| |||| 00| 0 cze d
020 |a 9990004237186 
044 |a xr 
100 1 |a  Kuchtanin, Dávid  |4 aut 
245 1 0 |a Slová /  |c  Kuchtanin, Dávid 
264 1 |a Praha :  |b TZ-one,  |c 2025 
300 |a 1 online zdroj (56 stran) 
336 |a text  |b txt  |2 rdacontent 
337 |a bez média  |b n  |2 rdamedia 
338 |a online zdroj  |b cr  |2 rdacarrier 
520 2 |a Zbierka SLOVÁ od Dávida Kuchtanina je intímnym ponorom do sveta emócií, samoty a spomienok. Autor prostredníctvom poézie zachytáva krehké momenty ľudského prežívania, hľadania identity a vnútorného pokoja. Každá báseň je výpoveďou o túžbe, strate, láske či nádeji — o tom, čo nás formuje a zároveň zraňuje. Texty vznikali ako reakcia na životné zmeny, odlúčenie od domova a potrebu vyjadriť to, čo sa slovami často nedá vysloviť. Dávid Kuchtanin píše s citlivosťou, úprimnosťou a silným obrazovým jazykom, ktorý čitateľa vtiahne do sveta, kde každé slovo má váhu. SLOVÁ sú melancholické, no zároveň plné svetla — ukazujú, že aj v tichu môže vzniknúť niečo krásne. Zbierka je určená tým, ktorí hľadajú v poézii útočisko, pravdu a dotyk ľudskosti. 
910 |a RBIT002 
998 |d 423718  |a https://core.palmknihy.cz/api/books/423718/cover?t5idwv  |b https://core.palmknihy.cz/api/books/423718/cover/400?t5idwv  |c https://core.palmknihy.cz/api/books/423718/cover/50?t5idwv  |e   |g 56  |i 9990004237186  |j https://core.palmknihy.cz/api/books/423718/preview.epub  |k https://core.palmknihy.cz/api/books/423718/preview.pdf  |l   |q 49  |r 1  |s https://www.palmknihy.cz/kniha/423718  |t ebook  |y 2025  |z 1 
999 |d 312870